| 000 | 00682nam a22001817a 4500 | ||
|---|---|---|---|
| 003 | BUBTL | ||
| 008 | 191127b xxu||||| |||| 00| 0 eng d | ||
| 020 | _a984-826-121-4 | ||
| 082 | _a891.443 / CHC | ||
| 100 |
_92270 _aচট্টোপাধ্যায়, শরৎচন্দ্র |
||
| 245 |
_aচরিত্রহীন / _cশরৎচন্দ্র চট্টোপাধ্যায় |
||
| 260 |
_aঢাকা : _bদি স্কাই পাবলিশার্স, _cc2014. |
||
| 300 |
_a236 p. : _c22 cm. |
||
| 650 | 0 |
_91689 _aবাংলা সাহিত্য |
|
| 856 |
_k0 _l0 _yDownload |
||
| 942 |
_2ddc _cBK |
||
| 999 |
_c6172 _d6172 |
||